<?xml version="1.0" encoding="UTF-8"?><marc:collection xmlns:marc="http://www.loc.gov/MARC21/slim">
  <marc:record>
    <marc:leader>00000nam  2200000za 4500</marc:leader>
    <marc:controlfield tag="001">9.612215</marc:controlfield>
    <marc:controlfield tag="003">CaOODSP</marc:controlfield>
    <marc:controlfield tag="005">20200401044834</marc:controlfield>
    <marc:controlfield tag="007">ta</marc:controlfield>
    <marc:controlfield tag="008">150406|1995||||xxc|||||     f|0| 0 eng d</marc:controlfield>
    <marc:datafield tag="020" ind1=" " ind2=" ">
      <marc:subfield code="a">0-660-16065-X</marc:subfield>
    </marc:datafield>
    <marc:datafield tag="022" ind1=" " ind2=" ">
      <marc:subfield code="a">0821-1027</marc:subfield>
    </marc:datafield>
    <marc:datafield tag="040" ind1=" " ind2=" ">
      <marc:subfield code="a">CaOODSP</marc:subfield>
      <marc:subfield code="b">eng</marc:subfield>
    </marc:datafield>
    <marc:datafield tag="043" ind1=" " ind2=" ">
      <marc:subfield code="a">n-cn---</marc:subfield>
    </marc:datafield>
    <marc:datafield tag="086" ind1="1" ind2=" ">
      <marc:subfield code="a">R61-2/9-64-1995E</marc:subfield>
      <marc:subfield code="z">R61-2/9-18-1995E</marc:subfield>
      <marc:subfield code="z">R61-2/1-18-1995E</marc:subfield>
    </marc:datafield>
    <marc:datafield tag="100" ind1="1" ind2=" ">
      <marc:subfield code="a">Baker, Raymond F.</marc:subfield>
    </marc:datafield>
    <marc:datafield tag="245" ind1="1" ind2="2">
      <marc:subfield code="a">A campaign of amateurs: the siege of Louisbourg, 1745 / </marc:subfield>
      <marc:subfield code="c">by Raymond F. Baker. </marc:subfield>
    </marc:datafield>
    <marc:datafield tag="260" ind1=" " ind2=" ">
      <marc:subfield code="a">Ottawa : </marc:subfield>
      <marc:subfield code="b">Canadian Heritage, </marc:subfield>
      <marc:subfield code="c">1995.</marc:subfield>
    </marc:datafield>
    <marc:datafield tag="300" ind1=" " ind2=" ">
      <marc:subfield code="a">79p. : </marc:subfield>
      <marc:subfield code="b">illus. ; </marc:subfield>
      <marc:subfield code="c">25 cm.</marc:subfield>
    </marc:datafield>
    <marc:datafield tag="490" ind1="1" ind2=" ">
      <marc:subfield code="a">Studies in archaeology, architecture and history</marc:subfield>
      <marc:subfield code="x">0821-1027</marc:subfield>
    </marc:datafield>
    <marc:datafield tag="504" ind1=" " ind2=" ">
      <marc:subfield code="a">Bibliography.</marc:subfield>
    </marc:datafield>
    <marc:datafield tag="520" ind1="3" ind2=" ">
      <marc:subfield code="a">In 1745, the French fortified town of Louisbourg was conquered in 47 days, shattering the myth of invincibility that had begun to surround the "great fortress". This fully illustrated softcover book is a narrative on the most spectacular fortress in Acadia. It will bring history into your home. You will meet the personalities behind the battle at King Louis XIV's last line of defence against an enemy invasion of Canada. A result of intensive research, this book tells the story of the siege of Louisbourg using the diaries, letters, and journals of soldiers of all ranks on both sides of the conflict. Maps and strategic sketches dating from the siege itself put you at the heart of the action. At the back of the book you will find: -A day by day chronology of events -William Shirley's scheme for attacking Louisbourg -The terms of the surrender of Louisbourg This 79 page, softcover book is ideal for anyone interested in the strategy and tactics of war or the history of Canada.</marc:subfield>
    </marc:datafield>
    <marc:datafield tag="563" ind1=" " ind2=" ">
      <marc:subfield code="a">Softcover</marc:subfield>
    </marc:datafield>
    <marc:datafield tag="590" ind1=" " ind2=" ">
      <marc:subfield code="a">95-42</marc:subfield>
      <marc:subfield code="b">1995-10-20</marc:subfield>
    </marc:datafield>
    <marc:datafield tag="690" ind1="0" ind2="7">
      <marc:subfield code="a">Canadian history</marc:subfield>
      <marc:subfield code="2">gcpds</marc:subfield>
    </marc:datafield>
    <marc:datafield tag="710" ind1="1" ind2=" ">
      <marc:subfield code="a">Canada.</marc:subfield>
      <marc:subfield code="b">Canadian Heritage. </marc:subfield>
      <marc:subfield code="b">Parks Canada.</marc:subfield>
    </marc:datafield>
    <marc:datafield tag="720" ind1="1" ind2=" ">
      <marc:subfield code="a">Baker, Raymond F.</marc:subfield>
    </marc:datafield>
    <marc:datafield tag="775" ind1="0" ind2="8">
      <marc:subfield code="t">Une campagne d'amateurs: le siège de Louisbourg, 1745 / </marc:subfield>
      <marc:subfield code="w">(CaOODSP)9.623290</marc:subfield>
    </marc:datafield>
    <marc:datafield tag="776" ind1="0" ind2="#">
      <marc:subfield code="t">A campaign of amateurs </marc:subfield>
      <marc:subfield code="w">(CaOODSP)9.844995</marc:subfield>
    </marc:datafield>
    <marc:datafield tag="830" ind1="#" ind2="0">
      <marc:subfield code="a">Studies in archaeology, architecture and history,</marc:subfield>
      <marc:subfield code="x">0821-1027</marc:subfield>
      <marc:subfield code="v">18</marc:subfield>
      <marc:subfield code="w">(CaOODSP)9.514872</marc:subfield>
    </marc:datafield>
  </marc:record>
</marc:collection>
